| 000 | 01331nam a2200313Ia 4500 | ||
|---|---|---|---|
| 001 | ebr10675215 | ||
| 003 | CaPaEBR | ||
| 006 | m u | ||
| 007 | cr cn||||||||| | ||
| 008 | 130320s2013 enka s 000 0 eng d | ||
| 020 | _z0745330673 (pbk.) | ||
| 020 | _z0745330681 (hardback) | ||
| 020 | _z9780745330679 (pbk.) | ||
| 020 | _z9780745330686 (hardback) | ||
| 020 | _z9781849648608 | ||
| 040 |
_aCaPaEBR _cCaPaEBR |
||
| 035 | _a(OCoLC)839304597 | ||
| 050 | 1 | 4 |
_aHD9018.D44 _bB64 2013eb |
| 100 | 1 | _aBne Saad, Majda. | |
| 245 | 1 | 4 |
_aThe global hunger crisis _h[electronic resource] : _btackling food insecurity in developing countries / _cMajda Bne Saad. |
| 260 |
_aLondon : _bPluto Press ; _aNew York : _bDistributed in the United States of America exclusively by Palgrave Macmillan, _c2013. |
||
| 300 |
_axvii, 290 p. : _bill. |
||
| 533 |
_aElectronic reproduction. _bPalo Alto, Calif. : _cebrary, _d2013. _nAvailable via World Wide Web. _nAccess may be limited to ebrary affiliated libraries. |
||
| 650 | 0 |
_aFood supply _xSocial aspects _zDeveloping countries. |
|
| 650 | 0 |
_aFood security _zDeveloping countries. |
|
| 655 | 7 |
_aElectronic books. _2local |
|
| 710 | 2 | _aebrary, Inc. | |
| 856 | 4 | 0 |
_uhttp://site.ebrary.com/lib/rucke/Doc?id=10675215 _zAn electronic book accessible through the World Wide Web; click to view |
| 999 |
_c57897 _d57897 |
||